000 00309nam a2200121Ia 4500
008 190216s9999||||xx |||||||||||||| ||und||
100 _aMaheshwari.P
245 0 _aIntroduction To The Embryology Of Angiosperms
260 _bTata Mcgrawhill Publishers
_c1950
300 _a453p
650 _aBotany
942 _cBK
999 _c1254
_d1254